|
|
|
|
| LEADER |
00649ntm a2200157 i 4500 |
| 001 |
misc57521 |
| 005 |
20210309093628.0 |
| 008 |
210309suuuu hu o 0|| hun d |
| 040 |
|
|
|a SZTE Miscellanea Repozitórium
|b hun
|
| 041 |
|
|
|a hun
|
| 100 |
1 |
|
|a Lőrinczy Szabolcs
|
| 245 |
1 |
0 |
|a Lőrinczy Szabolcs Klebelsberg Kuno egykori titkára levele Klebelsberg Kunonéhoz
|h [elektronikus dokumentum] /
|c Lőrinczy Szabolcs
|
| 300 |
|
|
|a 1 t.
|c 21 x 15 cm
|
| 561 |
|
|
|a Klebelsberg Kuno levelezés
|
| 695 |
|
|
|a Levelezés - Lőrinczy Szabolcs - Klebelsberg Kunoné Botka Sarolta
|
| 856 |
4 |
0 |
|u http://misc.bibl.u-szeged.hu/57521/1/klebelsberg_levelek_46.pdf
|z Dokumentum-elérés
|